[Event "Sveins 5. minneturnering"]
[Site "Oslo"]
[Date "2012.06.22"]
[Round "7"]
[White "Salomon, Johan"]
[Black "Seps, Monika"]
[Result "0-1"]
[WhiteElo "2052"]
[BlackElo "2193"]
[PlyCount "96"]
[EventDate "2012.??.??"]

1. e4 c5 2. Nf3 d6 3. d4 cxd4 4. Nxd4 Nf6 5. Nc3 a6 6. Be2 e5 7. Nb3 Be7 8. O-O
O-O 9. Kh1 Nc6 10. f3 a5 11. Nd5 a4 12. Nxe7+ Qxe7 13. Nd2 d5 14. exd5 Nxd5 15.
Nc4 Be6 16. c3 Rfd8 17. Qc2 Qh4 18. Ne3 Nce7 19. Bd3 Nxe3 20. Bxe3 Nd5 21. Bf2
Qh6 22. Rfe1 Rac8 23. Be4 b5 24. Bxd5 Rxd5 25. Red1 Rxd1+ 26. Rxd1 Bxa2 27. Qf5
Qe6 28. Qxe6 Bxe6 29. Bb6 f6 30. Rd8+ Kf7 31. Rxc8 Bxc8 32. Kg1 Ke6 33. Bc5 Kd5
34. Bf8 Kc4 35. Kf2 Kb3 36. Ba3 Bd7 37. Ke3 Bc6 38. g3 f5 39. f4 e4 40. Kd2 b4
41. cxb4 Bb5 42. Ke3 Kc2 43. g4 g6 44. g5 Kd1 45. h3 Kc2 46. h4 Kd1 47. b3 axb3
48. Bb2 Kc2 0-1

[Event "Sveins 5. minneturnering"]
[Site "Oslo"]
[Date "2012.06.22"]
[Round "7"]
[White "Kjøita, Henning"]
[Black "Frisk, Ellinor"]
[Result "1/2-1/2"]
[WhiteElo "1970"]
[BlackElo "2181"]
[PlyCount "40"]
[EventDate "2012.??.??"]

1. e4 c5 2. g3 d5 3. exd5 Qxd5 4. Qf3 Qxf3 5. Nxf3 Nc6 6. Bg2 Nf6 7. O-O Bd7 8.
Rd1 Rc8 9. d4 cxd4 10. Nxd4 Nxd4 11. Rxd4 Bc6 12. Bxc6+ Rxc6 13. Na3 e6 14. Rc4
Bxa3 15. Rxc6 bxc6 16. bxa3 Ke7 17. Be3 a6 18. Rb1 Nd7 19. Rb7 Rb8 20. Ra7 Kd6
1/2-1/2

[Event "Sveins 5. minneturnering"]
[Site "Oslo"]
[Date "2012.06.22"]
[Round "7"]
[White "Sætre, Roger"]
[Black "Haubro, Sigfred"]
[Result "0-1"]
[WhiteElo "1865"]
[BlackElo "2135"]
[PlyCount "110"]
[EventDate "2012.??.??"]

1. d4 d5 2. c4 e6 3. Nc3 f5 4. cxd5 exd5 5. Nf3 Nf6 6. Bf4 c6 7. e3 Be7 8. Bd3
O-O 9. O-O Qe8 10. Qc2 Ne4 11. Ne2 Nd7 12. Ne5 Nxe5 13. Bxe5 Bf6 14. f4 Bd7 15.
Rf3 a5 16. Kh1 b5 17. Rg1 Rc8 18. Bxf6 Rxf6 19. Bxe4 dxe4 20. Rf2 Qe7 21. Rc1
Be6 22. Nc3 Rb8 23. b3 Rh6 24. g3 Bf7 25. Rd2 Bh5 26. Ne2 Qf7 27. Ng1 Bg4 28.
Kg2 Re8 29. Rf2 Qh5 30. Kf1 Rhe6 31. Qd2 a4 32. d5 cxd5 33. Qxd5 axb3 34. axb3
b4 35. Rc4 Qf7 36. Rxb4 Qa7 37. Rd4 h6 38. h3 Bh5 39. Qxf5 Bf7 40. Rfd2 Qa6+
41. Ne2 Rf6 42. Qd7 Rb8 43. Kf2 Rxb3 44. Rxe4 Rb1 45. Qd3 Qa1 46. Nc3 Rh1 47.
Rd1 Qb2+ 48. Ne2 Rd6 49. Rd4 Rh2+ 50. Kf1 Rxd4 51. exd4 Bd5 52. Qd2 Qb3 53. Rc1
Qf3+ 54. Ke1 Rh1+ 55. Ng1 Rxg1# 0-1

[Event "Sveins 5. minneturnering"]
[Site "Oslo"]
[Date "2012.06.22"]
[Round "7"]
[White "Wibe, Per H"]
[Black "De Seroux, Camille"]
[Result "0-1"]
[WhiteElo "1849"]
[BlackElo "2128"]
[PlyCount "88"]
[EventDate "2012.??.??"]

1. c4 Nf6 2. Nc3 g6 3. g3 Bg7 4. Bg2 O-O 5. e4 d6 6. Nge2 c5 7. O-O Nc6 8. h3
a6 9. a4 Rb8 10. d3 Bd7 11. g4 Ne8 12. Ng3 Nc7 13. Rb1 b5 14. axb5 axb5 15. Be3
bxc4 16. dxc4 Na5 17. Qe2 Rb4 18. Nd5 Nxd5 19. exd5 Nxc4 20. Rfe1 Nxe3 21. Qxe3
Rxb2 22. Rxb2 Bxb2 23. Qxe7 Qxe7 24. Rxe7 Rd8 25. Re2 Be5 26. Ne4 c4 27. Rc2
Rc8 28. f4 Ba4 29. Rxc4 Rxc4 30. fxe5 dxe5 31. d6 Rd4 32. Nc5 Bb5 33. Nb7 Ba6
34. Nc5 Rxd6 35. Ne4 Rd4 36. Nf6+ Kg7 37. g5 Bb5 38. Ng4 e4 39. Ne3 Bc6 40. Kf2
Rd3 41. Bf1 Ra3 42. Ng4 Rf3+ 43. Ke1 Bd5 44. Ne5 Rf5 0-1

[Event "Sveins 5. minneturnering"]
[Site "Oslo"]
[Date "2012.06.22"]
[Round "7"]
[White "Johansen, Stian"]
[Black "Omtvedt, Per"]
[Result "0-1"]
[WhiteElo "1997"]
[BlackElo "2117"]
[PlyCount "76"]
[EventDate "2012.??.??"]

1. d4 d5 2. c4 c6 3. Nf3 Nf6 4. Nc3 dxc4 5. a4 Bf5 6. e3 e6 7. Bxc4 Bb4 8. O-O
O-O 9. Qb3 Qe7 10. Bd2 a5 11. Rfe1 Bg6 12. Nh4 Nbd7 13. Nxg6 hxg6 14. e4 e5 15.
Bg5 exd4 16. e5 Nxe5 17. f4 dxc3 18. Rxe5 cxb2 19. Qxb2 Qc7 20. Qc2 Ng4 21. Re2
Rfe8 22. h3 Rxe2 23. Qxe2 Nf6 24. Qc2 Kf8 25. Rf1 Qd6 26. Rd1 Qc5+ 27. Kh1 Nd5
28. Qb3 Re8 29. Bxd5 cxd5 30. Rxd5 Qf2 31. Kh2 Bc5 32. Rd1 f6 33. Qc4 b6 34.
Rf1 Qd4 35. Qc2 Qe4 36. Qb3 Rd8 37. Bh4 Rd3 38. Qb5 Rd2 
0-1

[Event "Sveins 5. minneturnering"]
[Site "Oslo"]
[Date "2012.06.22"]
[Round "7"]
[White "Mihajlov, Svetoslav"]
[Black "Schjelderup, Nils-Jakob"]
[Result "1-0"]
[WhiteElo "2092"]
[BlackElo "1930"]
[PlyCount "47"]
[EventDate "2012.??.??"]

1. d4 d5 2. Nf3 Nf6 3. c4 dxc4 4. e3 Bg4 5. Bxc4 e6 6. O-O Nbd7 7. Nc3 Bb4 8.
Qb3 c5 9. Ne5 Nxe5 10. dxe5 Nd7 11. f3 Bxc3 12. bxc3 Bh5 13. Rd1 Qc7 14. Bxe6
fxe6 15. Qxe6+ Kd8 16. Qh3 Be8 17. e6 Kc8 18. exd7+ Bxd7 19. Qh5 g6 20. Qg5 b6
21. e4 Kb7 22. Bf4 Qc6 23. Rd6 Qa4 24. Qe7 
1-0

[Event "Sveins 5. minneturnering"]
[Site "Oslo"]
[Date "2012.06.22"]
[Round "7"]
[White "Poulsen, Iver"]
[Black "Heublum, Harry A"]
[Result "0-1"]
[WhiteElo "2084"]
[BlackElo "1903"]
[PlyCount "48"]
[EventDate "2012.??.??"]

1. Nf3 g6 2. e4 Bg7 3. d4 d6 4. Bc4 Nf6 5. Nc3 O-O 6. Qe2 Bg4 7. Bg5 c5 8. d5
Nbd7 9. h3 Bxf3 10. Qxf3 Ne5 11. Qe2 Qa5 12. f4 Nxc4 13. Qxc4 b5 14. Qd3 b4 15.
Ne2 Rac8 16. Qc4 Nd7 17. Bxe7 Nb6 18. Qd3 Rfe8 19. Bxd6 Bxb2 20. O-O c4 21. Qd2
c3 22. Qd4 Bxa1 23. Rxa1 Rc4 24. Qf6 Nd7 
0-1

[Event "Sveins 5. minneturnering"]
[Site "Oslo"]
[Date "2012.06.22"]
[Round "7"]
[White "Mihajlov, Sebastian"]
[Black "Langmyhr, Tore"]
[Result "1-0"]
[WhiteElo "2064"]
[BlackElo "1905"]
[PlyCount "61"]
[EventDate "2012.??.??"]

1. d4 d5 2. c4 Nc6 3. cxd5 Qxd5 4. e3 e5 5. Nc3 Bb4 6. Bd2 Bxc3 7. bxc3 Qd6 8.
Bd3 Nf6 9. Ne2 e4 10. Bc2 O-O 11. O-O Na5 12. Ng3 Re8 13. f3 exf3 14. Qxf3 Nc4
15. Bc1 Bg4 16. Qf2 c5 17. h3 Be6 18. e4 cxd4 19. cxd4 Qc7 20. Bg5 Na3 21. Bd3
Qc3 22. Rad1 Bc4 23. Bxc4 Nxc4 24. Bxf6 gxf6 25. Nh5 Qe3 26. Nxf6+ Kg7 27.
Nxe8+ Rxe8 28. Rc1 b5 29. Qxe3 Nxe3 30. Rfe1 Rxe4 31. Kf2 1-0

[Event "Sveins 5. minneturnering"]
[Site "Oslo"]
[Date "2012.06.22"]
[Round "7"]
[White "Hansen, Erle Andrea Marki"]
[Black "Lund, Terje"]
[Result "1/2-1/2"]
[WhiteElo "1853"]
[BlackElo "2053"]
[PlyCount "138"]
[EventDate "2012.??.??"]

1. d4 d5 2. Nf3 Nf6 3. g3 e6 4. Bg2 c6 5. c4 Nbd7 6. O-O Be7 7. Nbd2 O-O 8. b3
b6 9. Bb2 Bb7 10. Rc1 Re8 11. Qc2 Rc8 12. Qb1 Bd6 13. Rfd1 Qe7 14. e4 Nxe4 15.
Nxe4 dxe4 16. Qxe4 Nf6 17. Qb1 Ba3 18. Ne5 Bxb2 19. Qxb2 Red8 20. Re1 Qc7 21.
Rcd1 h6 22. Qe2 Re8 23. b4 Re7 24. c5 Nd5 25. Qb2 a5 26. a3 b5 27. Nf3 Ra8 28.
Ra1 Rd7 29. Ne5 Rdd8 30. Bh3 Bc8 31. Nd3 Bd7 32. Ne5 Be8 33. Qd2 Rdb8 34. Qb2
Ra7 35. Nd3 Ra6 36. Ra2 Rba8 37. Rea1 Qa7 38. Nc1 Qb8 39. Bf1 axb4 40. axb4
Rxa2 41. Rxa2 Ra4 42. Rxa4 bxa4 43. Nd3 Bd7 44. Qa3 Qa7 45. Be2 Nc7 46. Bd1 Nb5
47. Qxa4 Qxa4 48. Bxa4 Nxd4 49. Ne5 Be8 50. Kg2 f6 51. Nc4 Kf8 52. f3 Ke7 53.
Kf2 e5 54. Nd6 Bd7 55. g4 Ke6 56. Ke3 Kd5 57. Bd1 g6 58. Kd3 f5 59. h3 h5 60.
gxh5 gxh5 61. h4 e4+ 62. fxe4+ fxe4+ 63. Ke3 Bg4 64. Bxg4 hxg4 65. Nxe4 Nf5+
66. Kf4 Nxh4 67. Nf6+ Kc4 68. Nxg4 Kxb4 69. Ne5 Ng6+ 1/2-1/2

[Event "Sveins 5. minneturnering"]
[Site "Oslo"]
[Date "2012.06.22"]
[Round "7"]
[White "Diaz, Linda"]
[Black "Sætre, Mathias"]
[Result "1/2-1/2"]
[WhiteElo "2007"]
[BlackElo "1695"]
[PlyCount "68"]
[EventDate "2012.??.??"]

1. e4 e6 2. d4 d5 3. Nc3 Bb4 4. exd5 exd5 5. Nge2 Ne7 6. Bg5 f6 7. Bf4 Nbc6 8.
Nc1 Bf5 9. Nb3 Qd7 10. Qd2 O-O-O 11. O-O-O g5 12. Be3 Qd6 13. a3 Ba5 14. Nxa5
Nxa5 15. Ne4 Nb3+ 16. cxb3 Bxe4 17. f3 Bg6 18. Qa5 Kb8 19. Bf2 Qc6+ 20. Qc5 Rd6
21. Bb5 Qxc5+ 22. dxc5 Re6 23. Rde1 Rxe1+ 24. Rxe1 Nf5 25. g4 Nh4 26. Bxh4 gxh4
27. b4 c6 28. Ba4 Re8 29. Rxe8+ Bxe8 30. f4 Kc7 31. Kd2 Kd8 32. f5 Ke7 33. Ke3
Bf7 34. Kf4 h6 1/2-1/2

[Event "Sveins 5. minneturnering"]
[Site "Oslo"]
[Date "2012.06.22"]
[Round "7"]
[White "Kjølberg, Jens Hjorth"]
[Black "Haug, Johannes"]
[Result "1-0"]
[WhiteElo "1982"]
[BlackElo "1886"]
[PlyCount "55"]
[EventDate "2012.??.??"]

1. e4 c6 2. d4 d5 3. e5 Bf5 4. h4 h6 5. g4 Bd7 6. h5 c5 7. dxc5 e6 8. Be3 Nc6
9. f4 Bxc5 10. Bxc5 Qa5+ 11. Qd2 Qxc5 12. Nf3 Nge7 13. Nc3 Rc8 14. Nb5 O-O 15.
Nd6 Rc7 16. g5 Nf5 17. Nxf5 exf5 18. gxh6 d4 19. hxg7 Re8 20. h6 Nb4 21. h7+
Kxg7 22. h8=Q+ Rxh8 23. Qg2+ Kf8 24. Rxh8+ Ke7 25. Bd3 Bb5 26. Qg5+ Kd7 27.
Bxf5+ Kc6 28. Rh6+ 
1-0

[Event "Sveins 5. minneturnering"]
[Site "Oslo"]
[Date "2012.06.22"]
[Round "7"]
[White "Rødvik, Trym Daniel"]
[Black "Machlik, Jon"]
[Result "0-1"]
[WhiteElo "1926"]
[BlackElo "1701"]
[PlyCount "60"]
[EventDate "2012.??.??"]

1. e4 e5 2. Nf3 Nc6 3. Bb5 a6 4. Ba4 b5 5. Bb3 Nf6 6. O-O Bc5 7. a4 Bb7 8. d3
d6 9. c3 O-O 10. Bg5 h6 11. Bh4 g5 12. Nxg5 hxg5 13. Bxg5 Kg7 14. Qf3 Rh8 15.
Nd2 Na5 16. Bc2 b4 17. Rfd1 Bc8 18. Nf1 b3 19. Bb1 Kg6 20. h4 Bg4 21. Qg3 Bxd1
22. d4 Bb6 23. dxe5 dxe5 24. Qxe5 Bxf2+ 25. Kh1 Bxh4 26. Bxh4 Rxh4+ 27. Kg1 c6
28. Qg3+ Ng4 29. e5+ Kg5 30. Ne3 Qb6 0-1

[Event "Sveins 5. minneturnering"]
[Site "Oslo"]
[Date "2012.06.22"]
[Round "7"]
[White "Kjøita, Torgeir"]
[Black "Olsen, Ulrik"]
[Result "1-0"]
[WhiteElo "1880"]
[BlackElo "1718"]
[PlyCount "97"]
[EventDate "2012.??.??"]

1. e4 e5 2. Nf3 Nc6 3. d4 exd4 4. Nxd4 Nf6 5. Nc3 Bb4 6. Nxc6 dxc6 7. Qxd8+
Kxd8 8. Bg5 Ke8 9. O-O-O Be6 10. f3 h6 11. Bf4 Rc8 12. g4 g5 13. Be5 Ke7 14. a3
Bd6 15. Bg3 Bxg3 16. hxg3 h5 17. e5 Nd7 18. gxh5 Nxe5 19. Be2 g4 20. f4 Nd7 21.
Ne4 Nf6 22. Nxf6 Kxf6 23. Rdf1 Bf5 24. Rh4 Rhg8 25. Bd3 Bxd3 26. cxd3 Rce8 27.
Kd2 Ke6 28. Re1+ Kf5 29. Rc1 Ke6 30. Rc5 f5 31. h6 Rd8 32. h7 Rh8 33. Rh6+ Kf7
34. Rxf5+ Kg7 35. Rh4 Rxh7 36. Rg5+ Kh8 37. Rxh7+ Kxh7 38. Rxg4 Kh6 39. Rg5 Kh7
40. f5 Kh6 41. Rg6+ Kh7 42. g4 Rd5 43. Ke3 a5 44. a4 c5 45. b3 Rd4 46. g5 Rb4
47. Re6 c6 48. Re7+ Kg8 49. g6 1-0

[Event "Sveins 5. minneturnering"]
[Site "Oslo"]
[Date "2012.06.22"]
[Round "7"]
[White "Amarapala, Sherington"]
[Black "Rødsmoen, Maud"]
[Result "0-1"]
[WhiteElo "1732"]
[BlackElo "1778"]
[PlyCount "82"]
[EventDate "2012.??.??"]

1. e4 c6 2. d4 d5 3. Nc3 dxe4 4. Nxe4 Bf5 5. Ng3 Bg6 6. Nf3 Nd7 7. Bf4 Qa5+ 8.
Qd2 Qxd2+ 9. Bxd2 Bxc2 10. Bc4 e6 11. O-O Ngf6 12. Rac1 Bg6 13. Ne5 Nxe5 14.
dxe5 Nd5 15. Rfd1 Be7 16. Ne2 O-O 17. Nf4 Bf5 18. Bb3 Rfd8 19. Nxd5 exd5 20.
Bc2 Bxc2 21. Rxc2 c5 22. Bf4 Rd7 23. Re2 d4 24. e6 fxe6 25. Rxe6 c4 26. Re4 Bf6
27. Be5 Bxe5 28. Rxe5 a6 29. f4 b5 30. Rc5 Re8 31. a4 Rb8 32. axb5 axb5 33. Kf2
d3 34. Rd2 Rbb7 35. g4 Rdc7 36. Rd5 b4 37. Rd1 Re7 38. Rd2 Red7 39. Rc5 Rbc7
40. Rxc7 Rxc7 41. Ke3 c3 0-1

[Event "Sveins 5. minneturnering"]
[Site "Oslo"]
[Date "2012.06.22"]
[Round "7"]
[White "Roholdt, Njaal"]
[Black "Edakina, Maria"]
[Result "1-0"]
[WhiteElo "1756"]
[BlackElo "1628"]
[PlyCount "83"]
[EventDate "2012.??.??"]

1. e4 e5 2. Nf3 Nf6 3. Nc3 Nc6 4. Bc4 Bb4 5. d3 d6 6. O-O Be6 7. Nd5 Bxd5 8.
exd5 Ne7 9. Bb5+ c6 10. dxc6 bxc6 11. Ba4 Qc7 12. Bg5 Nfd5 13. a3 Bc5 14. c4
Nb6 15. b4 Nxa4 16. Qxa4 Bb6 17. Be3 O-O 18. Qc2 Nf5 19. Bxb6 axb6 20. Qd2 Ra4
21. Qc2 Rfa8 22. Qb2 c5 23. b5 Qa7 24. Qe2 Qb7 25. Qb2 Nd4 26. Nxd4 cxd4 27.
Ra2 h6 28. Rfa1 Rc8 29. Qb3 Qa8 30. Qb2 d5 31. Qe2 Qb8 32. cxd5 Qd6 33. Qe4
Rca8 34. h3 Rc8 35. Re2 f6 36. Qg4 Rc5 37. Rae1 Rxd5 38. Qc8+ Kh7 39. Qf5+ Kg8
40. Qc8+ Kf7 41. f4 exf4 42. Qe8# 1-0

[Event "Sveins 5. minneturnering"]
[Site "Oslo"]
[Date "2012.06.22"]
[Round "7"]
[White "MacArthur, John"]
[Black "Østby, Martin Bergsjø"]
[Result "1/2-1/2"]
[WhiteElo "2035"]
[BlackElo "1734"]
[PlyCount "52"]
[EventDate "2012.??.??"]

1. a3 e5 2. c4 Nf6 3. Nc3 Nc6 4. g3 d5 5. cxd5 Nxd5 6. Bg2 Be6 7. Nf3 g6 8. d4
Bg7 9. dxe5 Nxc3 10. Qxd8+ Rxd8 11. bxc3 Nxe5 12. Nxe5 Bxe5 13. Bd2 c6 14. Rb1
Rd7 15. a4 O-O 16. Be4 Rfd8 17. Bd3 Bf5 18. Bxf5 gxf5 19. Be3 Bxc3+ 20. Kf1
Rd1+ 21. Kg2 Rxh1 22. Kxh1 b6 23. Rc1 Bd4 24. Rxc6 Bxe3 25. fxe3 Rd2 26. a5
Rxe2 
1/2-1/2

[Event "Sveins 5. minneturnering"]
[Site "Oslo"]
[Date "2012.06.22"]
[Round "7"]
[White "Eriksen, Dag"]
[Black "Ellingsrud, Bjørn"]
[Result "1/2-1/2"]
[WhiteElo "1656"]
[BlackElo "1693"]
[PlyCount "26"]
[EventDate "2012.??.??"]

1. e4 e5 2. Nf3 Nc6 3. Bb5 Nf6 4. d3 d6 5. h3 a6 6. Ba4 b5 7. Bb3 Na5 8. O-O h6
9. d4 exd4 10. e5 Nxb3 11. exf6 Nxa1 12. Nxd4 Be6 13. Qf3 d5 
1/2-1/2

[Event "Sveins 5. minneturnering"]
[Site "Oslo"]
[Date "2012.06.22"]
[Round "8"]
[White "Riiser, Samuel"]
[Black "Amarapala, Sherington"]
[Result "0-1"]
[WhiteElo "1825"]
[BlackElo "1732"]
[PlyCount "48"]
[EventDate "2012.??.??"]

1. d4 f5 2. g3 Nf6 3. Bg2 e6 4. Nf3 Be7 5. O-O O-O 6. Nbd2 d6 7. c3 Nc6 8. Qb3
Qe8 9. Re1 Kh8 10. e4 fxe4 11. Nxe4 Qh5 12. Neg5 e5 13. dxe5 dxe5 14. c4 Ng4
15. h3 Nxf2 16. g4 Nxg4 17. hxg4 Bxg4 18. Rf1 Bxg5 19. Nxg5 Nd4 20. Bxb7 Nxb3
21. Bxa8 Rxf1+ 22. Kxf1 Nxa1 23. Bd5 Be2+ 24. Kf2 h6 0-1

[Event "Sveins 5. minneturnering"]
[Site "Oslo"]
[Date "2012.06.22"]
[Round "8"]
[White "Lund, Terje"]
[Black "Arntsen, Frode"]
[Result "1-0"]
[WhiteElo "2053"]
[BlackElo "1815"]
[PlyCount "49"]
[EventDate "2012.??.??"]

1. d4 Nf6 2. c4 g6 3. Nc3 Bg7 4. e4 d6 5. Be2 O-O 6. g4 e5 7. d5 c6 8. g5 Ne8
9. h4 f5 10. h5 f4 11. hxg6 hxg6 12. Bg4 Na6 13. Bxc8 Rxc8 14. Qg4 Nec7 15. Nf3
Kf7 16. Bd2 Nc5 17. Nh4 Rh8 18. Ke2 Qd7 19. Qf3 b5 20. b4 N5a6 21. cxb5 Nxb5
22. Nxb5 c5 23. Nxa7 Qxa7 24. Qg4 Qe7 25. Nxg6 1-0

[Event "Sveins 5. minneturnering"]
[Site "Oslo"]
[Date "2012.06.22"]
[Round "8"]
[White "Hebden, Mark L"]
[Black "Berg, Emanuel"]
[Result "1/2-1/2"]
[WhiteElo "2512"]
[BlackElo "2587"]
[PlyCount "60"]
[EventDate "2012.??.??"]

1. d4 Nf6 2. Nf3 g6 3. Nc3 d5 4. Bf4 Bg7 5. Qd2 O-O 6. Bh6 Ne4 7. Qe3 Nxc3 8.
Bxg7 Kxg7 9. Qxc3 Qd6 10. e3 Bf5 11. Bd3 Bxd3 12. cxd3 a5 13. O-O Nd7 14. e4
Rfc8 15. Rfe1 e6 16. Re2 Kg8 17. Rae1 c5 18. Qd2 cxd4 19. Qh6 Qf8 20. Qxf8+
Nxf8 21. exd5 Rc5 22. dxe6 Nxe6 23. g3 Rac8 24. Ne5 Rc1 25. Kf1 R8c2 26. Rxc2
Rxc2 27. Re2 Rc1+ 28. Re1 Rc2 29. Re2 Rc1+ 30. Re1 Rc2 
1/2-1/2

[Event "Sveins 5. minneturnering"]
[Site "Oslo"]
[Date "2012.06.22"]
[Round "8"]
[White "MacArthur, John"]
[Black "Bue, Gunnar"]
[Result "0-1"]
[WhiteElo "2035"]
[BlackElo "1693"]
[PlyCount "134"]
[EventDate "2012.??.??"]

1. e4 d6 2. d4 Nf6 3. Nc3 g6 4. Be3 Bg7 5. Qd2 c6 6. f3 O-O 7. O-O-O b5 8. Kb1
a5 9. Bh6 Na6 10. g4 b4 11. Bxg7 bxc3 12. Qh6 Qb6 13. b3 Rd8 14. Ne2 a4 15.
Bxf6 exf6 16. Nxc3 axb3 17. cxb3 Qa5 18. Qd2 Nb4 19. Na4 Be6 20. d5 cxd5 21. a3
Rdb8 22. axb4 Rxb4 23. Nc3 Rxb3+ 24. Kc2 dxe4 25. Rb1 Rxb1 26. Kxb1 Qa1+ 27.
Kc2 Ra3 28. Bc4 Qxh1 29. Bxe6 fxe6 30. fxe4 Ra6 31. Qe2 Qa1 32. Qc4 Kg7 33.
Qxe6 Qa5 34. Qe7+ Kh6 35. Qxf6 Qe5 36. Qf2 Rc6 37. Qd2+ Kg7 38. h4 Qxe4+ 39.
Kc1 Qc4 40. Kc2 d5 41. Kb2 Rb6+ 42. Ka1 Qa6+ 43. Na2 Qf1+ 44. Nc1 Qf6+ 45. Ka2
Ra6+ 46. Kb1 Qe5 47. h5 Qe4+ 48. Kb2 Rb6+ 49. Nb3 Qe5+ 50. Ka2 Ra6+ 51. Kb1 Rb6
52. Ka2 Ra6+ 53. Kb1 Qe4+ 54. Kb2 Qc4 55. Qe3 Qe4 56. Qc3+ Kf7 57. hxg6+ Kxg6
58. g5 Qg2+ 59. Kb1 Qf1+ 60. Kb2 Qe2+ 61. Kb1 Qd1+ 62. Kb2 Qe2+ 63. Kb1 Qe4+
64. Kb2 Rb6 65. Qh3 Qe2+ 66. Ka1 Qd1+ 67. Kb2 Rxb3+ 0-1

[Event "Sveins 5. minneturnering"]
[Site "Oslo"]
[Date "2012.06.22"]
[Round "8"]
[White "Seps, Monika"]
[Black "Christiansen, Johan-Sebastian"]
[Result "1/2-1/2"]
[WhiteElo "2193"]
[BlackElo "1995"]
[PlyCount "57"]
[EventDate "2012.??.??"]

1. Nf3 c5 2. e4 d6 3. d4 cxd4 4. Qxd4 Nc6 5. Bb5 Qa5+ 6. Nc3 Qxb5 7. Nxb5 Nxd4
8. Nfxd4 Kd8 9. c4 Bd7 10. Be3 g6 11. O-O Bh6 12. Bxh6 Nxh6 13. Rfd1 a6 14. Nc3
Rc8 15. b3 e6 16. Rd3 Ke7 17. Rad1 Rhd8 18. Nf3 Bc6 19. Ng5 b5 20. Rh3 Ng4 21.
Rxh7 Be8 22. Ne2 bxc4 23. Nf4 Nf6 24. Nxg6+ Kd7 25. Ne5+ Ke7 26. Ng6+ Kd7 27.
Ne5+ Ke7 28. Ng6+ Kd7 29. Ne5+ 1/2-1/2

[Event "Sveins 5. minneturnering"]
[Site "Oslo"]
[Date "2012.06.22"]
[Round "8"]
[White "De Seroux, Camille"]
[Black "Kjøita, Torgeir"]
[Result "1-0"]
[WhiteElo "2128"]
[BlackElo "1880"]
[PlyCount "43"]
[EventDate "2012.??.??"]

1. e4 e5 2. Nf3 Nc6 3. d4 exd4 4. Nxd4 Nf6 5. Nxc6 bxc6 6. e5 Ne4 7. Nd2 Nxf2
8. Kxf2 Bc5+ 9. Ke1 Qh4+ 10. g3 Qd4 11. Qe2 O-O 12. Nb3 Bb4+ 13. c3 Bxc3+ 14.
bxc3 Qd5 15. Bg2 Qe6 16. Nd4 Qg6 17. Be4 f5 18. exf6 Qxf6 19. Rf1 Qd6 20. Nf5
Qe5 21. Ne7+ Kh8 22. Rxf8# 
1-0

[Event "Sveins 5. minneturnering"]
[Site "Oslo"]
[Date "2012.06.22"]
[Round "8"]
[White "Machlik, Jon"]
[Black "Diaz, Linda"]
[Result "0-1"]
[WhiteElo "1701"]
[BlackElo "2007"]
[PlyCount "42"]
[EventDate "2012.??.??"]

1. e4 c5 2. Nf3 Nc6 3. d4 cxd4 4. Nxd4 Nf6 5. Nc3 d6 6. f3 g6 7. Be3 Bg7 8. Qd2
O-O 9. O-O-O a6 10. g4 Nd7 11. f4 Qa5 12. g5 Nc5 13. h4 Na4 14. Bc4 Nxc3 15.
bxc3 Bg4 16. Rdg1 Bh5 17. f5 Ne5 18. Bb3 Nf3 19. Nxf3 Bxf3 20. h5 Bxc3 21. Qh2
Qa3+ 0-1

[Event "Sveins 5. minneturnering"]
[Site "Oslo"]
[Date "2012.06.22"]
[Round "8"]
[White "Olsen, Ulrik"]
[Black "Eriksen, Dag"]
[Result "1-0"]
[WhiteElo "1718"]
[BlackElo "1656"]
[PlyCount "121"]
[EventDate "2012.??.??"]

1. e4 Nf6 2. e5 Nd5 3. c4 Nb6 4. d4 d6 5. exd6 cxd6 6. Nf3 g6 7. Be2 Bg7 8. O-O
O-O 9. Nc3 Bg4 10. Be3 Nc6 11. d5 Bxf3 12. Bxf3 Ne5 13. Bxb6 Qxb6 14. Na4 Qa6
15. Be2 Qa5 16. Rc1 Nd7 17. Qb3 Qc7 18. Rfe1 Rae8 19. Bg4 f5 20. Bf3 Be5 21.
Re2 Kh8 22. Qe3 b6 23. b4 Nf6 24. c5 b5 25. cxd6 Qxd6 26. Qxe5 bxa4 27. Qxd6
exd6 28. Rxe8 Rxe8 29. Kf1 Re7 30. Rc6 Nd7 31. Rxd6 Nb6 32. Re6 Rxe6 33. dxe6
Kg7 34. Bc6 Kf6 35. Bd7 Nd5 36. Bxa4 Nxb4 37. Bb3 Nd3 38. Ke2 Nc1+ 39. Ke3 Nxb3
40. axb3 Kxe6 41. Kd4 Kd6 42. f4 Kc6 43. Kc4 Kb6 44. b4 Kc6 45. b5+ Kc7 46. Kc5
Kb7 47. h3 h5 48. h4 Kc7 49. Kc4 Kb6 50. Kb4 Kc7 51. g3 Kb6 52. Kc4 Ka5 53. Kc5
Ka4 54. b6 axb6+ 55. Kxb6 Kb4 56. Kc6 Kc4 57. Kd6 Kd4 58. Ke6 Ke4 59. Kf6 Kf3
60. Kxg6 Kxg3 61. Kg5 1-0

[Event "Sveins 5. minneturnering"]
[Site "Oslo"]
[Date "2012.06.22"]
[Round "8"]
[White "Frisk, Ellinor"]
[Black "Gonzàlez, Francisco Silva"]
[Result "1-0"]
[WhiteElo "2181"]
[BlackElo "1991"]
[PlyCount "117"]
[EventDate "2012.??.??"]

1. Nf3 d5 2. c4 d4 3. b4 c5 4. e3 Nc6 5. b5 Nb8 6. exd4 cxd4 7. Bb2 e5 8. Nxe5
Nf6 9. Be2 Be7 10. O-O O-O 11. d3 a6 12. a4 Re8 13. Nd2 axb5 14. axb5 Rxa1 15.
Bxa1 Bb4 16. Nef3 Bc3 17. Bxc3 dxc3 18. Nb1 Qa5 19. Qc2 b6 20. Nxc3 Bb7 21. Nd4
Qb4 22. Bf3 Bxf3 23. Nxf3 Nbd7 24. Re1 Rxe1+ 25. Nxe1 h5 26. h3 Nc5 27. Nf3 Qa3
28. d4 Ne6 29. Qd2 Qa1+ 30. Kh2 Qf1 31. Qe2 Qc1 32. Qe3 Qc2 33. c5 Qf5 34. cxb6
Nd8 35. Qe5 Qd7 36. Qc7 Kf8 37. Qc5+ Ke8 38. d5 Qf5 39. Qd6 Nd7 40. Qc7 Nxb6
41. Qxb6 Qf4+ 42. g3 Qxf3 43. Qe3+ Qxe3 44. fxe3 Kd7 45. Kg2 Kd6 46. Kf3 Ke5
47. Ke2 f5 48. Kd3 g5 49. Kc4 Nb7 50. b6 h4 51. gxh4 g4 52. hxg4 fxg4 53. Kd3
Kd6 54. Kd4 Ke7 55. e4 Kf6 56. e5+ Kf5 57. e6 g3 58. e7 Nd6 59. e8=Q 1-0

[Event "Sveins 5. minneturnering"]
[Site "Oslo"]
[Date "2012.06.22"]
[Round "8"]
[White "Hagen, Andreas Skytte"]
[Black "Urkedal, Frode Olav Olsen"]
[Result "0-1"]
[WhiteElo "2445"]
[BlackElo "2439"]
[PlyCount "84"]
[EventDate "2012.??.??"]

1. e4 c5 2. Nf3 d6 3. d4 cxd4 4. Nxd4 Nf6 5. Nc3 g6 6. Be3 Bg7 7. f3 Nc6 8. Qd2
O-O 9. Bc4 Bd7 10. Bb3 Na5 11. O-O-O Rb8 12. Kb1 b5 13. h4 Nxb3 14. cxb3 b4 15.
Nce2 h5 16. g4 hxg4 17. h5 gxf3 18. Ng3 Ng4 19. hxg6 fxg6 20. Bh6 Qa5 21. Bxg7
Kxg7 22. Ngf5+ Rxf5 23. exf5 Bxf5+ 24. Ka1 Rb6 25. a4 Ra6 26. Ka2 Qd5 27. Qxb4
Bd7 28. Qc3 Nf6 29. Ka3 Bg4 30. Qe3 Qc5+ 31. Ka2 Kf7 32. Qf4 g5 33. Qh2 e5 34.
Rc1 Qxd4 35. Rc7+ Ke6 36. Qh8 Rxa4+ 37. bxa4 Qxa4+ 38. Kb1 Bf5+ 39. Kc1 Qa1+
40. Kd2 Qxb2+ 41. Kd1 Qa1+ 42. Rc1 Qd4+ 0-1

[Event "Sveins 5. minneturnering"]
[Site "Oslo"]
[Date "2012.06.22"]
[Round "8"]
[White "Smith, Axel"]
[Black "Hammer, Jon Ludvig"]
[Result "1/2-1/2"]
[WhiteElo "2483"]
[BlackElo "2630"]
[PlyCount "177"]
[EventDate "2012.??.??"]

1. d4 Nf6 2. c4 e6 3. g3 d5 4. Nf3 dxc4 5. Bg2 c6 6. Ne5 c5 7. Qa4+ Nbd7 8. O-O
cxd4 9. Nxc4 a6 10. Bf4 b5 11. Qd1 Nd5 12. Bxd5 exd5 13. Ne5 Bc5 14. Nxd7 Bxd7
15. Be5 O-O 16. Bxd4 Qb6 17. Bxc5 Qxc5 18. Nd2 Bh3 19. Re1 d4 20. Nb3 Qc6 21.
f3 Rad8 22. Nxd4 Qf6 23. e3 h5 24. Qe2 Rd6 25. Rac1 g6 26. Qf2 Rfd8 27. a3 Kg7
28. Rc3 Kg8 29. Rec1 Kg7 30. Re1 Kg8 31. Rec1 Kg7 32. Qe2 Kg8 33. Rc6 Rxc6 34.
Rxc6 Qe5 35. Qf2 a5 36. Rc1 Rd6 37. Qd2 b4 38. axb4 axb4 39. Kf2 b3 40. Qb4 Be6
41. Qb8+ Kh7 42. Rc6 Rd5 43. Qxe5 Rxe5 44. Nxe6 fxe6 45. f4 Ra5 46. Rb6 Rc5 47.
Rxb3 Rc2+ 48. Kf3 Rxh2 49. Rb7+ Kh6 50. b4 Rb2 51. b5 Rb4 52. b6 g5 53. Rb8 g4+
54. Ke2 Kg7 55. Rb7+ Kf6 56. Rb8 Kg7 57. b7 Rb2+ 58. Kf1 Rb1+ 59. Kf2 Rb2+ 60.
Kf1 Rb1+ 61. Ke2 Rb2+ 62. Kd3 h4 63. gxh4 g3 64. Ra8 Rxb7 65. Ke4 g2 66. Ra1
Kf6 67. Rg1 Rh7 68. Rxg2 Rxh4 69. Ra2 Rh8 70. Ra7 Rb8 71. Kf3 Rb3 72. Rd7 Ra3
73. Rd6 Ke7 74. Rd4 Kf6 75. Ke4 Ra6 76. Rd3 Ra4+ 77. Kf3 Ra1 78. e4 Rf1+ 79.
Kg4 Rg1+ 80. Rg3 Rf1 81. Rh3 e5 82. Rf3 Re1 83. fxe5+ Kxe5 84. Rf5+ Kxe4 85.
Rf4+ Ke5 86. Rf5+ Ke6 87. Rf3 Rg1+ 88. Rg3 Rxg3+ 89. Kxg3 1/2-1/2